Normal view
MARC view
Entry Geographic Name
001 - CONTROL NUMBER
- control field: 36661
003 - CONTROL NUMBER IDENTIFIER
- control field: ARRUPE
005 - DATE AND TIME OF LATEST TRANSACTION
- control field: 20171003105036.0
008 - FIXED-LENGTH DATA ELEMENTS
- fixed length control field: 171003|| aca||aabn | a|a d
040 ## - CATALOGING SOURCE
- Original cataloging agency: ARRUPE
- Transcribing agency: ARRUPE
151 ## - HEADING--GEOGRAPHIC NAME
- Geographic name: France
- General subdivision: History, Military
- Chronological subdivision: 1328-1589.
670 ## - SOURCE DATA FOUND
- Source citation: Work cat.: (ARRUPE)0: Curry, Anne. 36658, The Hundred Years' War, 1337-1453 /, 2002.